| 000 | 00585nam a2200205Ia 4500 | ||
|---|---|---|---|
| 005 | 20230416050129.0 | ||
| 008 | 230125s9999 xx 000 0 und d | ||
| 020 | _a0-07-060113-5 | ||
| 041 | _aeng | ||
| 082 |
_a005.133 _bLON |
||
| 100 |
_aLoney K _9111863 |
||
| 245 |
_aOracle Database 10g DBA Handbook _bManage a Robust, Scalable and Highly Available Oracle Database |
||
| 260 |
_c2006 _bTata Mcgraw Hill _aU.S.A. |
||
| 300 | _a718p | ||
| 500 | _aOracle | ||
| 650 |
_aOracle _9181062 |
||
| 700 |
_aLoney K; Mrs. Saraf, Donor & Bryla B _9115999 |
||
| 906 | _b225 | ||
| 942 | _cBK | ||
| 999 |
_c93723 _d93723 |
||